Nhóm nấm hyphomycetes ở Việt Nam. t.I /
Bewaard in:
| Hoofdauteur: | |
|---|---|
| Formaat: | Sách giấy |
| Taal: | Vietnamese |
| Gepubliceerd in: |
H. :
Khoa học và Kỹ thuật,
1984.
|
| Tags: |
Voeg label toe
Geen labels, Wees de eerste die dit record labelt!
|
| Thư viện lưu trữ: | Thư viện Trường Đại học Đà Lạt |
|---|
| LEADER | 00641nam a2200265 4500 | ||
|---|---|---|---|
| 001 | DLU140162671 | ||
| 005 | ##20140729 | ||
| 040 | # | # | |a DLU |b vie |
| 041 | # | # | |a vie |
| 044 | # | # | |a vn |
| 082 | # | # | |a 589.258 959 7 |b BU-D |
| 100 | # | # | |a Bùi Xuân Đồng. |
| 245 | # | # | |a Nhóm nấm hyphomycetes ở Việt Nam. |n t.I / |c Bùi Xuân Đồng. |
| 260 | # | # | |a H. : |b Khoa học và Kỹ thuật, |c 1984. |
| 300 | # | # | |a 177 tr. ; |c 20 cm. |
| 990 | # | # | |a t.I |
| 992 | # | # | |a 600 |
| 994 | # | # | |a DLU |
| 900 | # | # | |a True |
| 911 | # | # | |a Trương Thị Mỹ Lệ |
| 925 | # | # | |a G |
| 926 | # | # | |a A |
| 927 | # | # | |a SH |
| 980 | # | # | |a Thư viện Trường Đại học Đà Lạt |